| 000 | 00436cam a22001337a 4500 | ||
|---|---|---|---|
| 008 | 180718b2004 xxu||||| |||| 00| 0 eng d | ||
| 082 | _aA81x54 01/19TH | ||
| 100 | _aCensus of India 2001 | ||
| 245 | _aAssam: tables on houses, household amenities and assets | ||
| 260 |
_aDelhi _bThe Controller of Publications _c2004 |
||
| 300 | _a920p. | ||
| 440 | _aCensus of India 2001. Series-19, Assam | ||
| 650 | _aHousehold surveys - India - Assam | ||
| 999 |
_c486610 _d486610 |
||